[Event "GER-ch Net Amateur Gr-B Vor3"]
[Site "Playchess.com INT"]
[Date "2020.04.16"]
[Round "4"]
[White "Hess, Martin"]
[Black "Schernetzki, Bernd"]
[Result "0-1"]
[WhiteElo "1639"]
[BlackElo "1732"]
[PlyCount "98"]
[EventDate "2020.04.16"]
[EventType "swiss (blitz)"]
[EventRounds "9"]
[EventCountry "GER"]
[SourceTitle "CBM 195 Extra"]
[Source "ChessBase"]
[SourceDate "2020.05.31"]
[SourceVersion "1"]
[SourceVersionDate "2020.05.31"]
[SourceQuality "1"]

1. e4 d5 2. exd5 Nf6 3. c4 b5 4. Nf3 bxc4 5. Bxc4 Bg4 6. 0-0 Nxd5 7. Nc3 Nxc3 8. Ne5 Be6 9. Bxe6 fxe6 10. bxc3 g6 11. Qa4+ c6 12. Nxc6 Qd7 13. d4 Qxc6 14. Qc2 Bg7 15. Be3 0-0 16. Rac1 Nd7 17. h3 Rac8 18. Rfe1 Nb6 19. Qb3 Nc4 20. Bg5 Bf6 21. Bh6 Rf7 22. Re2 Qd5 23. Rce1 Na5 24. Qa3 Nc4 25. Qxa7 Nd6 26. Bd2 Nf5 27. Rxe6 Nh4 28. R6e4 g5 29. f3 Nf5 30. Rg4 h6 31. f4 e5 32. fxe5 Rxa7 33. exf6 Kf7 34. h4 Rg8 35. hxg5 hxg5 36. Rge4 Kxf6 37. Re5 Qxa2 38. R1e2 Qb1+ 39. Be1 Rf7 40. Rf2 Kg6 41. Re6+ Rf6 42. Rxf6+ Kxf6 43. g3 Qxe1+ 44. Kg2 Qe4+ 45. Kf1 Rh8 46. Rg2 Qb1+ 47. Kf2 Re8 48. g4 Qe1+ 49. Kf3 Nh4# 0-1

[Event "GER-ch Net Amateur Gr-B Vor2"]
[Site "Playchess.com INT"]
[Date "2020.04.15"]
[Round "2"]
[White "Ullrich, Jan"]
[Black "Schernetzki, Bernd"]
[Result "1-0"]
[WhiteElo "1609"]
[BlackElo "1767"]
[PlyCount "89"]
[EventDate "2020.04.15"]
[EventType "swiss (blitz)"]
[EventRounds "9"]
[EventCountry "GER"]
[SourceTitle "CBM 196 Extra"]
[Source "ChessBase"]
[SourceDate "2020.07.31"]
[SourceVersion "1"]
[SourceVersionDate "2020.07.31"]
[SourceQuality "1"]

1. e4 d5 2. exd5 Nf6 3. Nf3 Nxd5 4. d4 Bg4 5. Be2 c6 6. c4 Nf6 7. Nc3 e6 8. 0-0 Bd6 9. Re1 0-0 10. Ne5 Bxe2 11. Rxe2 Nbd7 12. f4 Rc8 13. c5 Bb8 14. Ne4 Nxe5 15. fxe5 Nd5 16. Nd6 Bxd6 17. exd6 b6 18. Rf2 bxc5 19. dxc5 Qa5 20. Rc2 Rb8 21. Bd2 Qa6 22. a3 Qd3 23. b4 e5 24. Bg5 Qg6 25. Bd2 e4 26. Qe2 f5 27. Rf1 Rbe8 28. Qa6 e3 29. Be1 f4 30. Qxc6 Qxc2 31. Qxd5+ Kh8 32. d7 Rd8 33. c6 h6 34. Qd6 Qe4 35. c7 f3 36. cxd8Q Rxd8 37. Rxf3 e2 38. Rf8+ Rxf8 39. Qxf8+ Kh7 40. d8Q Qe3+ 41. Qf2 Qxa3 42. Qd7 Qxb4 43. Qff5+ Kg8 44. Qe8+ Qf8 45. Qexf8# 1-0